Cartilla de información contable destinada a la presentación del Registro Único Ambiental : -RUA- sector manufacturero /

Bibliographic Details
Main Authors: Flórez Rios, Ángela Maryed (Author), Morales Sierra, María Eugenia (Author), Moreno Restrepo, Beatriz Elena (Author)
Format: Electronic eBook
Language:Spanish
Published: Envigado, Colombia : Fondo Editorial Institución Universitaria de Envigado, [2018]
Series:Colección Institucional (Institución Universitaria de Envigado (IUE))
Subjects:
Online Access:Digitalia Hispánica

MARC

LEADER 00000nam a2200000Ii 4500
001 DIGIUE0006
003 NyNyDIG
006 m o d
007 cr |||||||||||
008 250116s2018 ck a ob 000 0 spa d
035 |a (OCoLC)1438855260 
040 |a DGITA  |b eng  |e rda  |e pn  |c DGITA 
020 |a 9789585689398  |q eBook 
043 |a s-ck-- 
050 1 4 |a TD195.M3 ebook 
100 1 |a Flórez Rios, Ángela Maryed,  |e author. 
245 1 0 |a Cartilla de información contable destinada a la presentación del Registro Único Ambiental :  |b -RUA- sector manufacturero /  |c Ángela Maryed Flórez Rios, María Eugenia Morales Sierra, Beatriz Elena Moreno Restrepo. 
264 1 |a Envigado, Colombia :  |b Fondo Editorial Institución Universitaria de Envigado,  |c [2018] 
300 |a 1 online resource :  |b illustrations. 
336 |a text  |b txt  |2 rdacontent 
337 |a computer  |b c  |2 rdamedia 
338 |a online resource  |b cr  |2 rdacarrier 
347 |a text file  |2 rdaft 
347 |b PDF 
490 1 |a Colección Institucional 
504 |a Includes bibliographical references. 
588 0 |a Online resource; title from PDF title page (Digitalia, viewed January 16, 2025) 
650 0 |a Environmental management  |z Colombia. 
650 0 |a Environmental protection  |z Colombia. 
650 0 |a Manufacturing industries  |x Environmental aspects. 
700 1 |a Morales Sierra, María Eugenia,  |e author. 
700 1 |a Moreno Restrepo, Beatriz Elena,  |e author. 
791 2 |a Digitalia (Firm),  |e distributor. 
793 0 |g Digitalia eBook Collection:  |a Institución Universitaria de Envigado (IUE) 
830 0 |a Colección Institucional (Institución Universitaria de Envigado (IUE)) 
856 4 0 |3 Digitalia Hispánica  |u https://www.digitaliapublishing.com/a/162727/ 
910 |a Premium collection: 2025